[Event "Tradewise Gibraltar ChallWk2"]
[Site "Gibraltar"]
[Date "2016.01.30"]
[Round "1.23"]
[White "Kandic, Milan"]
[Black "Mircov, Nicola-Alexandar"]
[Result "1/2-1/2"]
[WhiteElo "2109"]
[BlackElo "1944"]
[PlyCount "97"]
[EventDate "2016.01.30"]
[EventType "swiss"]
[EventRounds "5"]
[EventCountry "GGB"]
[SourceTitle "BritBase"]
[Source "www.saund.co.uk"]
[SourceDate "2018.02.10"]
[SourceVersion "1"]
[SourceVersionDate "2018.02.10"]
[SourceQuality "1"]

1. e4 c5 2. Nf3 e6 3. d3 d5 4. Qe2 Nf6 5. e5 Nfd7 6. Bf4 Nc6 7. g3 b5 8. Bg2 a5
9. c3 a4 10. O-O Ba6 11. Nbd2 Be7 12. h4 Qb8 13. Rfe1 Bd8 14. h5 Ba5 15. Rac1
Ra7 16. Nh4 c4 17. Bxd5 cxd3 18. Qg4 Ne7 19. Qxg7 Rg8 20. Qxh7 exd5 21. e6 Qxf4
22. Qxg8+ Nxg8 23. exd7+ Kxd7 24. gxf4 b4 25. Re5 Bb7 26. cxb4 Bxb4 27. Rd1 Nh6
28. Ndf3 f6 29. Re3 Ba6 30. Rexd3 Bxd3 31. Rxd3 Kd6 32. Nd4 Rg7+ 33. Ng6 Bc5
34. Nb5+ Kc6 35. Nc3 Ng4 36. Rxd5 Bxf2+ 37. Kh1 Be1 38. Rd8 Bxc3 39. bxc3 Rh7
40. Rh8 Rxh8 41. Nxh8 Kc5 42. Nf7 Kc4 43. h6 Nxh6 44. Nxh6 Kxc3 45. Ng4 Kb2 46.
Nxf6 Kxa2 47. Ne4 Kb2 48. Nd2 Kc3 49. f5 1/2-1/2

[Event "Tradewise Gibraltar ChallWk2"]
[Site "Gibraltar"]
[Date "2016.01.30"]
[Round "1.24"]
[White "George, Lolomari Erekosima"]
[Black "Omoifo, Osemekhian I"]
[Result "0-1"]
[WhiteElo "1937"]
[BlackElo "2106"]
[PlyCount "44"]
[EventDate "2016.01.30"]
[EventType "swiss"]
[EventRounds "5"]
[EventCountry "GGB"]
[SourceTitle "BritBase"]
[Source "www.saund.co.uk"]
[SourceDate "2018.02.10"]
[SourceVersion "1"]
[SourceVersionDate "2018.02.10"]
[SourceQuality "1"]

1. d3 d5 2. Nd2 Nf6 3. Ngf3 Nc6 4. g3 e5 5. e4 dxe4 6. dxe4 Bg4 7. Bg2 Bc5 8.
h3 Bh5 9. O-O O-O 10. g4 Bg6 11. Nh4 a5 12. a4 Qb8 13. c3 Qa7 14. Qe2 Rad8 15.
Nxg6 hxg6 16. Nc4 Rd7 17. Be3 Rfd8 18. Rad1 Kf8 19. f4 Rxd1 20. Rxd1 Rxd1+ 21.
Qxd1 Bxe3+ 22. Nxe3 Qxe3+ 0-1

[Event "Tradewise Gibraltar ChallWk2"]
[Site "Gibraltar"]
[Date "2016.01.30"]
[Round "1.26"]
[White "Boron, Anthony"]
[Black "Nordquelle, Daniel"]
[Result "0-1"]
[WhiteElo "1915"]
[BlackElo "2102"]
[PlyCount "92"]
[EventDate "2016.01.30"]
[EventType "swiss"]
[EventRounds "5"]
[EventCountry "GGB"]
[SourceTitle "BritBase"]
[Source "www.saund.co.uk"]
[SourceDate "2018.02.10"]
[SourceVersion "1"]
[SourceVersionDate "2018.02.10"]
[SourceQuality "1"]

1. d4 Nf6 2. Bf4 e6 3. e3 c5 4. c3 Nc6 5. Nd2 Be7 6. h3 O-O 7. Ngf3 b6 8. Bd3
Bb7 9. O-O d6 10. Bc2 Re8 11. Re1 Bf8 12. Bg5 h6 13. Bxf6 Qxf6 14. Ne4 Qe7 15.
Ng3 Rad8 16. Qd3 g6 17. h4 f5 18. Kh2 e5 19. dxe5 Nxe5 20. Nxe5 Qxh4+ 21. Kg1
dxe5 22. Bb3+ Kh8 23. Qb5 Qf6 24. Rad1 h5 25. f3 h4 26. Nf1 h3 27. Qc4 Be7 28.
Rxd8 Rxd8 29. Rd1 Rf8 30. Rd7 Qg5 31. Qe2 Bc6 32. Rc7 Ba8 33. Rxa7 hxg2 34. Nh2
c4 35. f4 exf4 36. Nf3 Bxf3 37. Qxf3 cxb3 38. axb3 Bc5 39. Qh3+ Qh5 40. Qxh5+
gxh5 41. Kxg2 fxe3 42. Kf3 Re8 43. Ke2 Rg8 44. b4 Rg2+ 45. Kf1 e2+ 46. Ke1 Bd6
0-1

[Event "Tradewise Gibraltar ChallWk2"]
[Site "Gibraltar"]
[Date "2016.01.30"]
[Round "1.27"]
[White "Jameson, David"]
[Black "Slinger, Tony J"]
[Result "1/2-1/2"]
[WhiteElo "2095"]
[BlackElo "1915"]
[PlyCount "83"]
[EventDate "2016.01.30"]
[EventType "swiss"]
[EventRounds "5"]
[EventCountry "GGB"]
[SourceTitle "BritBase"]
[Source "www.saund.co.uk"]
[SourceDate "2018.02.10"]
[SourceVersion "1"]
[SourceVersionDate "2018.02.10"]
[SourceQuality "1"]

1. e4 c5 2. c3 Nf6 3. e5 Nd5 4. d4 cxd4 5. Nf3 e6 6. cxd4 Nc6 7. Bc4 d6 8. Qe2
dxe5 9. dxe5 Bb4+ 10. Nbd2 Be7 11. O-O Qc7 12. Qe4 Nb6 13. Bd3 Nb4 14. Bb1 Bd7
15. Nd4 Bc6 16. Nxc6 Qxc6 17. Qg4 g6 18. Be4 Qc7 19. Nf3 h5 20. Qg3 Rd8 21. Be3
Nc6 22. Rac1 Nd5 23. Bd2 Qb8 24. a3 h4 25. Qg4 Nxe5 26. Nxe5 Qxe5 27. Bxd5 Qxd5
28. Bc3 Rh5 29. Rfd1 Rg5 30. Qa4+ Qb5 31. Rxd8+ Bxd8 32. Qxb5+ Rxb5 33. Kf1 Rd5
34. Ke2 Kd7 35. Rc2 e5 36. f3 f5 37. Be1 b5 38. Bf2 a5 39. Be3 g5 40. Bc5 g4
41. fxg4 fxg4 42. Be3 1/2-1/2

[Event "Tradewise Gibraltar ChallWk2"]
[Site "Gibraltar"]
[Date "2016.01.30"]
[Round "1.28"]
[White "Lochte, Szilvia"]
[Black "Pabalan, Rocky"]
[Result "0-1"]
[WhiteElo "1913"]
[BlackElo "2089"]
[PlyCount "93"]
[EventDate "2016.01.30"]
[EventType "swiss"]
[EventRounds "5"]
[EventCountry "GGB"]
[SourceTitle "BritBase"]
[Source "www.saund.co.uk"]
[SourceDate "2018.02.10"]
[SourceVersion "1"]
[SourceVersionDate "2018.02.10"]
[SourceQuality "1"]

1. d4 Nf6 2. Nf3 e6 3. Bf4 c5 4. e3 b6 5. c3 Bb7 6. Nbd2 Be7 7. h3 cxd4 8. exd4
O-O 9. Bd3 d6 10. O-O Nbd7 11. Nc4 Qc7 12. a4 Rfe8 13. Re1 Bf8 14. Bg3 Rad8 15.
Ncd2 e5 16. Qc2 g6 17. Ne4 Nh5 18. Bh4 d5 19. Bxd8 Qxd8 20. dxe5 dxe4 21. Bxe4
Bxe4 22. Rxe4 Nc5 23. Rd4 Qa8 24. Rad1 a5 25. Qe2 Ne6 26. Rd7 Nhf4 27. Qb5 Ng5
28. Qc4 Nxf3+ 29. gxf3 Nxh3+ 30. Kg2 Ng5 31. Qf4 h6 32. R1d3 Bg7 33. e6 fxe6
34. Rxg7+ Kxg7 35. Rd7+ Kg8 36. Qf6 Qxf3+ 37. Qxf3 Nxf3 38. Kxf3 Rb8 39. Re7 b5
40. axb5 Rxb5 41. Rxe6 Kf7 42. Re2 h5 43. Kg3 Kf6 44. Kh4 Kf5 45. f3 Kf4 46.
Rg2 g5+ 47. Kxh5 0-1

[Event "Tradewise Gibraltar ChallWk2"]
[Site "Gibraltar"]
[Date "2016.01.30"]
[Round "1.29"]
[White "Mohorea, Vasile"]
[Black "Wright, Jonathan"]
[Result "1-0"]
[WhiteElo "2087"]
[BlackElo "1902"]
[PlyCount "55"]
[EventDate "2016.01.30"]
[EventType "swiss"]
[EventRounds "5"]
[EventCountry "GGB"]
[SourceTitle "BritBase"]
[Source "www.saund.co.uk"]
[SourceDate "2018.02.10"]
[SourceVersion "1"]
[SourceVersionDate "2018.02.10"]
[SourceQuality "1"]

1. d4 Nf6 2. Nf3 g6 3. c4 c5 4. d5 e6 5. Nc3 exd5 6. cxd5 d6 7. e4 Bg7 8. Bd3
O-O 9. h3 Re8 10. O-O b6 11. Re1 Ba6 12. Bf4 c4 13. Bf1 Nh5 14. Bh2 b5 15. a3
Qb6 16. g4 Nf6 17. Qd2 Nbd7 18. Rad1 b4 19. axb4 Qxb4 20. Nd4 Ne5 21. Bxe5 dxe5
22. Nc6 Qd6 23. Ra1 Bb7 24. Nxa7 Qc5 25. Qe3 Qd4 26. Nab5 Qxe3 27. fxe3 Rad8
28. Bxc4 1-0

[Event "Tradewise Gibraltar ChallWk2"]
[Site "Gibraltar"]
[Date "2016.01.30"]
[Round "1.30"]
[White "Henderson De La Fuente, Andrea"]
[Black "Palmqvist, Fredrik"]
[Result "1-0"]
[WhiteElo "1866"]
[BlackElo "2080"]
[PlyCount "57"]
[EventDate "2016.01.30"]
[EventType "swiss"]
[EventRounds "5"]
[EventCountry "GGB"]
[SourceTitle "BritBase"]
[Source "www.saund.co.uk"]
[SourceDate "2018.02.10"]
[SourceVersion "1"]
[SourceVersionDate "2018.02.10"]
[SourceQuality "1"]

1. e4 c5 2. Nc3 e6 3. g3 d5 4. Bg2 d4 5. Nce2 d3 6. cxd3 Nc6 7. d4 cxd4 8. d3
Bb4+ 9. Bd2 Qa5 10. f4 Nh6 11. h3 e5 12. Nf3 O-O 13. O-O Bxd2 14. Nxd2 exf4 15.
gxf4 Qh5 16. f5 f6 17. Nf3 Rd8 18. Nf4 Qe8 19. Kh1 Nf7 20. Rg1 Nfe5 21. Bf1 Qf7
22. Be2 g5 23. fxg6 hxg6 24. Nxe5 Nxe5 25. Bh5 Kf8 26. Nxg6+ Nxg6 27. Rxg6 Rd6
28. Qf3 Bd7 29. Rag1 1-0

[Event "Tradewise Gibraltar ChallWk2"]
[Site "Gibraltar"]
[Date "2016.01.30"]
[Round "1.31"]
[White "Burrows, Zachary"]
[Black "Bonillo Coll, Alex"]
[Result "1-0"]
[WhiteElo "2074"]
[BlackElo "1835"]
[PlyCount "87"]
[EventDate "2016.01.30"]
[EventType "swiss"]
[EventRounds "5"]
[EventCountry "GGB"]
[SourceTitle "BritBase"]
[Source "www.saund.co.uk"]
[SourceDate "2018.02.10"]
[SourceVersion "1"]
[SourceVersionDate "2018.02.10"]
[SourceQuality "1"]

1. d4 d5 2. Bg5 f6 3. Bf4 Nc6 4. Nf3 Bg4 5. c4 e6 6. Nc3 Bxf3 7. exf3 Bb4 8. a3
Bxc3+ 9. bxc3 Nge7 10. Be2 O-O 11. O-O Ng6 12. Be3 Na5 13. Qa4 Nxc4 14. Bxc4
dxc4 15. Qxc4 Qd5 16. Qxd5 exd5 17. Rab1 b6 18. Rfc1 Rad8 19. a4 Rf7 20. g3 Nf8
21. Rc2 Ne6 22. f4 f5 23. Kf1 c5 24. Rb5 Nc7 25. Rb1 c4 26. Bc1 Rb8 27. Ba3 Ne8
28. Re2 Nc7 29. Re5 Rd8 30. Rbe1 a6 31. Rb1 b5 32. a5 Ne8 33. f3 g6 34. Rbe1
Nd6 35. Rxd5 Rfd7 36. Re6 Nb7 37. Rxd7 Rxd7 38. Rxa6 Nd8 39. Rd6 Rxd6 40. Bxd6
Nc6 41. a6 Kf7 42. d5 Na7 43. Bc5 Nc8 44. a7 1-0

[Event "Tradewise Gibraltar ChallWk2"]
[Site "Gibraltar"]
[Date "2016.01.30"]
[Round "1.32"]
[White "Cramling Bellon, Anna Yolanda"]
[Black "Carlsten, Peter"]
[Result "1/2-1/2"]
[WhiteElo "1830"]
[BlackElo "2074"]
[PlyCount "56"]
[EventDate "2016.01.30"]
[EventType "swiss"]
[EventRounds "5"]
[EventCountry "GGB"]
[SourceTitle "BritBase"]
[Source "www.saund.co.uk"]
[SourceDate "2018.02.10"]
[SourceVersion "1"]
[SourceVersionDate "2018.02.10"]
[SourceQuality "1"]

1. d4 f5 2. e4 fxe4 3. Nc3 Nf6 4. Bg5 Nc6 5. d5 Ne5 6. Qe2 Nf7 7. Bxf6 gxf6 8.
Nxe4 Bg7 9. Qh5 d6 10. Bb5+ Bd7 11. Bxd7+ Qxd7 12. O-O-O c6 13. Ne2 cxd5 14.
Rxd5 O-O 15. f4 e6 16. Rd3 f5 17. N4c3 b5 18. h3 Rac8 19. Kb1 Rc5 20. Nd4 b4
21. Nce2 Rd5 22. g4 Nh8 23. Rhd1 Rf6 24. gxf5 exf5 25. Qf3 Ra5 26. Ng3 Rc5 27.
Qa8+ Bf8 28. Rg1 Kf7 1/2-1/2

[Event "Tradewise Gibraltar ChallWk2"]
[Site "Gibraltar"]
[Date "2016.01.30"]
[Round "1.33"]
[White "Kozarcanin, Sead"]
[Black "Ohlsson, Mikael"]
[Result "1/2-1/2"]
[WhiteElo "2073"]
[BlackElo "1810"]
[PlyCount "64"]
[EventDate "2016.01.30"]
[EventType "swiss"]
[EventRounds "5"]
[EventCountry "GGB"]
[SourceTitle "BritBase"]
[Source "www.saund.co.uk"]
[SourceDate "2018.02.10"]
[SourceVersion "1"]
[SourceVersionDate "2018.02.10"]
[SourceQuality "1"]

1. e4 c5 2. Ne2 e6 3. Nbc3 b6 4. d4 cxd4 5. Nxd4 Bb7 6. a3 Nc6 7. Be3 Nf6 8. f3
Be7 9. Be2 O-O 10. O-O Rc8 11. Nxc6 dxc6 12. Qe1 Qc7 13. f4 c5 14. Bf3 a6 15.
Rd1 Rfd8 16. Qg3 b5 17. e5 Nd5 18. Nxd5 Bxd5 19. Bxd5 Rxd5 20. Rxd5 exd5 21. f5
Bf8 22. Bf4 Qb6 23. Qg4 Re8 24. Rf3 Qa5 25. h4 Qe1+ 26. Kh2 Rxe5 27. Bxe5 Qxe5+
28. Kh3 Bd6 29. g3 Qe1 30. Kg2 Qe2+ 31. Kh3 Qe1 32. Kh2 Qe2+ 1/2-1/2

[Event "Tradewise Gibraltar ChallWk2"]
[Site "Gibraltar"]
[Date "2016.01.30"]
[Round "1.35"]
[White "Hamer, Martyn"]
[Black "Musi, Dietmar"]
[Result "1-0"]
[WhiteElo "2058"]
[BlackElo "1754"]
[PlyCount "85"]
[EventDate "2016.01.30"]
[EventType "swiss"]
[EventRounds "5"]
[EventCountry "GGB"]
[SourceTitle "BritBase"]
[Source "www.saund.co.uk"]
[SourceDate "2018.02.10"]
[SourceVersion "1"]
[SourceVersionDate "2018.02.10"]
[SourceQuality "1"]

1. Nf3 e6 2. c4 d5 3. d4 Nf6 4. g3 c6 5. Qc2 Nbd7 6. Bg2 Be7 7. O-O O-O 8. Nbd2
Re8 9. b3 a5 10. Rd1 b6 11. e4 dxe4 12. Nxe4 Bb7 13. Bf4 Nxe4 14. Qxe4 Nf6 15.
Qe2 Bd6 16. Be5 Be7 17. Rac1 a4 18. h4 h6 19. Bxf6 Bxf6 20. b4 Qc7 21. c5 b5
22. Ne5 Rad8 23. f4 Rd5 24. Bxd5 exd5 25. Qf3 Bc8 26. Qh5 Be6 27. g4 g6 28.
Qxh6 Bg7 29. Qg5 f6 30. Qxg6 Re7 31. Rf1 fxe5 32. fxe5 Qd7 33. Rf4 Bf7 34. Rxf7
Rxf7 35. e6 Qe7 36. exf7+ Qxf7 37. Qxf7+ Kxf7 38. Rd1 Bf6 39. Rf1 Kg6 40. Rxf6+
Kxf6 41. Kf2 Kg6 42. Kf3 Kf6 43. Kf4 1-0

[Event "Tradewise Gibraltar ChallWk2"]
[Site "Gibraltar"]
[Date "2016.01.30"]
[Round "1.36"]
[White "Haddock, Paul"]
[Black "Romero Valencia, Fernando"]
[Result "0-1"]
[WhiteElo "1606"]
[BlackElo "2054"]
[PlyCount "71"]
[EventDate "2016.01.30"]
[EventType "swiss"]
[EventRounds "5"]
[EventCountry "GGB"]
[SourceTitle "BritBase"]
[Source "www.saund.co.uk"]
[SourceDate "2018.02.10"]
[SourceVersion "1"]
[SourceVersionDate "2018.02.10"]
[SourceQuality "1"]

1. e4 d6 2. d4 Nf6 3. Nc3 Nbd7 4. Bg5 c6 5. Bc4 b5 6. Bd3 b4 7. Nce2 e5 8. Nf3
Be7 9. Qd2 O-O 10. O-O Rb8 11. Rad1 Qc7 12. h3 Re8 13. dxe5 dxe5 14. Ng3 Nc5
15. Bxf6 Bxf6 16. Bc4 Be6 17. Bxe6 Nxe6 18. Qd6 Qb6 19. Nxe5 Nc5 20. Nc4 Qb5
21. b3 Nxe4 22. Nxe4 Rxe4 23. Qd7 Re7 24. Qd6 h6 25. Rfe1 Rbe8 26. Rxe7 Rxe7
27. Qd8+ Kh7 28. Qd3+ g6 29. Qf3 Kg7 30. Rd6 Bg5 31. Rxc6 Qb8 32. g3 Qe8 33. h4
Re1+ 34. Kg2 Be7 35. Ne3 Qd7 36. Ra6 0-1

[Event "Tradewise Gibraltar ChallWk2"]
[Site "Gibraltar"]
[Date "2016.01.30"]
[Round "1.37"]
[White "Schouten, Freek"]
[Black "Gaspar, Ioan-Dan"]
[Result "1/2-1/2"]
[WhiteElo "2053"]
[BlackElo "1486"]
[PlyCount "102"]
[EventDate "2016.01.30"]
[EventType "swiss"]
[EventRounds "5"]
[EventCountry "GGB"]
[SourceTitle "BritBase"]
[Source "www.saund.co.uk"]
[SourceDate "2018.02.10"]
[SourceVersion "1"]
[SourceVersionDate "2018.02.10"]
[SourceQuality "1"]

1. d4 d5 2. Nf3 Nf6 3. c4 e6 4. g3 Be7 5. Bg2 O-O 6. O-O Nbd7 7. Nc3 dxc4 8. e4
c5 9. d5 exd5 10. exd5 Nb6 11. Ne5 Bd6 12. f4 Bf5 13. Re1 Re8 14. a4 a5 15. h3
Rc8 16. g4 Bd3 17. Qf3 Bc2 18. Re2 Bb3 19. Bd2 Nfd7 20. Rae1 Nxa4 21. Nxa4 Bxa4
22. Nxc4 Rxe2 23. Rxe2 Bf8 24. b3 Bb5 25. Bxa5 b6 26. Bc3 Nf6 27. Ra2 Bxc4 28.
bxc4 Ne8 29. Bf1 Ra8 30. Qe2 Nd6 31. Kg2 b5 32. cxb5 c4 33. Be5 Rxa2 34. Qxa2
Nxb5 35. Qxc4 Nd6 36. Qc6 Qb8 37. Be2 Qb4 38. Qc3 Qb6 39. Bf3 Qb1 40. Bxd6 Bxd6
41. Qc8+ Bf8 42. d6 Qd3 43. d7 Qd2+ 44. Kf1 Qd3+ 45. Be2 Qxh3+ 46. Kf2 Qh2+ 47.
Kf3 Qh1+ 48. Ke3 Qg1+ 49. Kf3 Qh1+ 50. Ke3 Qg1+ 51. Kf3 Qh1+ 1/2-1/2

[Event "Tradewise Gibraltar ChallWk2"]
[Site "Gibraltar"]
[Date "2016.01.31"]
[Round "2.1"]
[White "Omoifo, Osemekhian I"]
[Black "Menna Barreto, Felipe Kubiaki"]
[Result "0-1"]
[WhiteElo "2106"]
[BlackElo "2247"]
[PlyCount "158"]
[EventDate "2016.01.30"]
[EventType "swiss"]
[EventRounds "5"]
[EventCountry "GGB"]
[SourceTitle "BritBase"]
[Source "www.saund.co.uk"]
[SourceDate "2018.02.10"]
[SourceVersion "1"]
[SourceVersionDate "2018.02.10"]
[SourceQuality "1"]

1. Nf3 Nf6 2. b3 d6 3. d4 g6 4. Bb2 Bg7 5. Nbd2 O-O 6. e4 Nbd7 7. Be2 e5 8.
dxe5 dxe5 9. O-O Re8 10. Re1 Nh5 11. Nc4 f6 12. Bf1 Nb6 13. Nxb6 axb6 14. Bc4+
Kh8 15. Qxd8 Rxd8 16. h3 Nf4 17. a4 Be6 18. Bxe6 Nxe6 19. Rad1 Bf8 20. g3 Kg8
21. Kf1 Bb4 22. Rxd8+ Rxd8 23. Rb1 Bf8 24. Bc3 Nc5 25. Re1 h5 26. g4 hxg4 27.
hxg4 g5 28. Re2 Rd1+ 29. Ne1 Rd7 30. f3 Ne6 31. Nd3 Bc5 32. Rh2 Be3 33. Ke2 Bd4
34. Bd2 Bc5 35. c3 Rd8 36. Rh1 Kg7 37. Nb2 Bd6 38. Be3 Bc5 39. Nd3 Bxe3 40.
Kxe3 Nf4 41. Nxf4 gxf4+ 42. Ke2 Kg6 43. Rh5 c6 44. Rh1 Kg7 45. Ra1 Kg6 46. Rh1
Ra8 47. Kd3 b5 48. axb5 cxb5 49. c4 b4 50. c5 Rd8+ 51. Ke2 Rc8 52. Rc1 Rh8 53.
Rc4 Rh2+ 54. Kf1 Kg5 55. Rxb4 Kh4 56. Rxb7 Rc2 57. b4 Kg3 58. Ke1 Kxf3 59. Kd1
Rc4 60. Rf7 Rxb4 61. Rxf6 Kxg4 62. Re6 Rd4+ 63. Ke2 Rxe4+ 64. Kf2 Kf5 65. Rh6
Rc4 66. c6 Ke4 67. Rd6 Rc2+ 68. Ke1 Ke3 69. Kd1 Rc5 70. Rd2 Rxc6 71. Re2+ Kd4
72. Rd2+ Ke4 73. Re2+ Kf5 74. Ra2 f3 75. Ke1 e4 76. Kf2 Kf4 77. Ra4 Rc2+ 78.
Ke1 f2+ 79. Kf1 Kf3 0-1

[Event "Tradewise Gibraltar ChallWk2"]
[Site "Gibraltar"]
[Date "2016.01.31"]
[Round "2.2"]
[White "Lercel, Michal"]
[Black "Mohorea, Vasile"]
[Result "1-0"]
[WhiteElo "2245"]
[BlackElo "2087"]
[PlyCount "109"]
[EventDate "2016.01.30"]
[EventType "swiss"]
[EventRounds "5"]
[EventCountry "GGB"]
[SourceTitle "BritBase"]
[Source "www.saund.co.uk"]
[SourceDate "2018.02.10"]
[SourceVersion "1"]
[SourceVersionDate "2018.02.10"]
[SourceQuality "1"]

1. d4 c5 2. d5 g6 3. e4 d6 4. Nf3 Bg7 5. Be2 Nf6 6. Nc3 Nbd7 7. O-O O-O 8. a4
b6 9. Nd2 a6 10. f4 Ne8 11. Nc4 Qc7 12. Ra3 Rb8 13. Rb3 e5 14. f5 f6 15. fxg6
hxg6 16. Bg4 Rf7 17. Be6 Nf8 18. Bxc8 Qxc8 19. Rxb6 Rxb6 20. Nxb6 Qc7 21. a5 f5
22. Qd3 f4 23. Qxa6 g5 24. Nb5 Qd8 25. Qc8 Bf6 26. Rf3 Nd7 27. Qxd8 Bxd8 28.
Nc4 Ndf6 29. a6 Nxe4 30. a7 Rxa7 31. Nxa7 N4f6 32. Nc6 Bc7 33. Rd3 e4 34. Rd1
e3 35. Nxe3 fxe3 36. Bxe3 Ne4 37. Ra1 Kf7 38. Ra7 Kf6 39. g4 Kg6 40. h3 N4f6
41. c4 Nd7 42. Kg2 Nb6 43. b3 Nd7 44. Ra8 Ndf6 45. Kf3 Ng7 46. Ra7 Nge8 47.
Ne7+ Kf7 48. Nf5 Kg6 49. h4 gxh4 50. Nxh4+ Kf7 51. Bxc5 dxc5 52. d6 Ke6 53.
dxc7 Kd7 54. g5 Ng8 55. Ra8 1-0

[Event "Tradewise Gibraltar ChallWk2"]
[Site "Gibraltar"]
[Date "2016.01.31"]
[Round "2.3"]
[White "Nordquelle, Daniel"]
[Black "Romero Berruezo, Francisco"]
[Result "0-1"]
[WhiteElo "2102"]
[BlackElo "2241"]
[PlyCount "144"]
[EventDate "2016.01.30"]
[EventType "swiss"]
[EventRounds "5"]
[EventCountry "GGB"]
[SourceTitle "BritBase"]
[Source "www.saund.co.uk"]
[SourceDate "2018.02.10"]
[SourceVersion "1"]
[SourceVersionDate "2018.02.10"]
[SourceQuality "1"]

1. e4 e6 2. d4 d5 3. Nc3 Nf6 4. Bg5 dxe4 5. Nxe4 Be7 6. Bxf6 gxf6 7. Nf3 a6 8.
Qd2 b5 9. O-O-O Bb7 10. Bd3 f5 11. Nc3 Bxf3 12. gxf3 c6 13. Ne2 Qd5 14. Qf4 Nd7
15. Kb1 O-O-O 16. Rhe1 Rdg8 17. Qe3 Bg5 18. f4 Bd8 19. c4 bxc4 20. Nc3 Qa5 21.
Bxc4 Nb6 22. Be2 Bf6 23. Bf3 Nd5 24. Qd3 Kd7 25. Qc4 Rb8 26. Na4 Rb4 27. Nc5+
Ke7 28. Nb3 Qxa2+ 29. Kxa2 Rxc4 30. Rc1 Ra4+ 31. Kb1 Nxf4 32. Rxc6 Bxd4 33.
Nxd4 Rxd4 34. Kc2 Rb8 35. Ra1 Rdb4 36. Ra2 a5 37. Ra6 R8b5 38. R6xa5 Rxb2+ 39.
Rxb2 Rxa5 40. Kd2 Ra3 41. Bc6 Rh3 42. Rb7+ Kd6 43. Ba4 Rxh2 44. Ke3 Nd5+ 45.
Kf3 Rh4 46. Be8 f6 47. Ra7 Rf4+ 48. Kg3 Rg4+ 49. Kf3 Rh4 50. Bf7 Rb4 51. Bg8
Rb3+ 52. Kg2 Nf4+ 53. Kg1 h5 54. Ra4 Rb1+ 55. Kh2 Nd5 56. Ra6+ Rb6 57. Rxb6+
Nxb6 58. Kg3 Nc8 59. Bf7 h4+ 60. Kxh4 Ke5 61. Kg3 f4+ 62. Kf3 Nd6 63. Bh5 f5
64. Ke2 Kd4 65. Bf3 e5 66. Bc6 e4 67. Ba4 f3+ 68. Ke1 Nc4 69. Bd7 f4 70. Bc6
Ne5 71. Bb7 e3 72. Ba6 Nd3+ 0-1

[Event "Tradewise Gibraltar ChallWk2"]
[Site "Gibraltar"]
[Date "2016.01.31"]
[Round "2.4"]
[White "Longa Yauca, Javier"]
[Black "Burrows, Zachary"]
[Result "1-0"]
[WhiteElo "2234"]
[BlackElo "2074"]
[PlyCount "91"]
[EventDate "2016.01.30"]
[EventType "swiss"]
[EventRounds "5"]
[EventCountry "GGB"]
[SourceTitle "BritBase"]
[Source "www.saund.co.uk"]
[SourceDate "2018.02.10"]
[SourceVersion "1"]
[SourceVersionDate "2018.02.10"]
[SourceQuality "1"]

1. d4 c5 2. c3 e6 3. Nf3 d5 4. Bf4 Nc6 5. e3 Nf6 6. Nbd2 Be7 7. Bd3 cxd4 8.
exd4 Bd6 9. Ne5 Qc7 10. Qe2 Nd7 11. Ndf3 Ndxe5 12. dxe5 Be7 13. O-O Bd7 14.
Rad1 O-O-O 15. b4 Rdg8 16. Qe3 Kb8 17. a3 h6 18. g4 g5 19. Bg3 h5 20. h3 hxg4
21. hxg4 Ka8 22. Kg2 Qc8 23. Rh1 Rxh1 24. Rxh1 f5 25. exf6 Bxf6 26. b5 Na5 27.
Be5 Be7 28. a4 Nc4 29. Bxc4 Qxc4 30. Qd4 Qc8 31. Rh7 Bc5 32. Qd2 a6 33. c4 Rf8
34. Kg3 Qd8 35. cxd5 Rxf3+ 36. Kxf3 exd5 37. Kg3 Be8 38. Rh8 Ka7 39. Qc3 Qe7
40. Rxe8 Bxf2+ 41. Kxf2 Qxe8 42. Qc5+ Ka8 43. Qxd5 Qf8+ 44. Ke3 axb5 45. axb5
Qa3+ 46. Ke4 1-0

[Event "Tradewise Gibraltar ChallWk2"]
[Site "Gibraltar"]
[Date "2016.01.31"]
[Round "2.5"]
[White "Pabalan, Rocky"]
[Black "House, Glenn L"]
[Result "0-1"]
[WhiteElo "2089"]
[BlackElo "2226"]
[PlyCount "60"]
[EventDate "2016.01.30"]
[EventType "swiss"]
[EventRounds "5"]
[EventCountry "GGB"]
[SourceTitle "BritBase"]
[Source "www.saund.co.uk"]
[SourceDate "2018.02.10"]
[SourceVersion "1"]
[SourceVersionDate "2018.02.10"]
[SourceQuality "1"]

1. e4 c5 2. Nf3 e6 3. d4 cxd4 4. Nxd4 Nf6 5. Nc3 d6 6. g4 h6 7. h4 Nc6 8. Rg1
d5 9. Bb5 Bd7 10. exd5 Nxd5 11. Nxd5 exd5 12. Qe2+ Be7 13. Nf5 Bxf5 14. gxf5
Kf8 15. Be3 Bf6 16. O-O-O Qa5 17. a3 Rd8 18. Bc5+ Kg8 19. Rxg7+ Kxg7 20. Rg1+
Kh7 21. Qh5 Rhg8 22. Qxf7+ Rg7 23. Rxg7+ Bxg7 24. Qg6+ Kh8 25. c3 Ne5 26. Qe6
Qxb5 27. f6 Re8 28. Be7 Qf1+ 29. Kc2 Qxf2+ 30. Kb1 Qxf6 0-1

[Event "Tradewise Gibraltar ChallWk2"]
[Site "Gibraltar"]
[Date "2016.01.31"]
[Round "2.6"]
[White "Dasaolu, Rotimi"]
[Black "Verneuil, Pascal"]
[Result "0-1"]
[WhiteElo "2060"]
[BlackElo "2205"]
[PlyCount "119"]
[EventDate "2016.01.30"]
[EventType "swiss"]
[EventRounds "5"]
[EventCountry "GGB"]
[SourceTitle "BritBase"]
[Source "www.saund.co.uk"]
[SourceDate "2018.02.10"]
[SourceVersion "1"]
[SourceVersionDate "2018.02.10"]
[SourceQuality "1"]

1. e4 c5 2. Nf3 Nc6 3. Bb5 e6 4. Bxc6 bxc6 5. e5 Ne7 6. O-O Ng6 7. d3 Be7 8.
Nbd2 f6 9. Nc4 O-O 10. Qe2 fxe5 11. Nfxe5 Nxe5 12. Nxe5 Bf6 13. Bd2 d6 14. Nc4
Rb8 15. Ba5 Qd7 16. Rab1 Ba6 17. b3 Rbe8 18. Rbd1 e5 19. Bc3 Bc8 20. Bb2 Qc7
21. Qd2 Qe7 22. Rde1 Bg5 23. Qa5 Rf6 24. d4 cxd4 25. Bxd4 Qf7 26. Be3 Qh5 27.
Bxg5 Qxg5 28. Re3 d5 29. Rg3 Qh6 30. Ne3 Rf7 31. Qc5 Ref8 32. h3 e4 33. c4 Ba6
34. Ng4 Qe6 35. Rd1 Rd7 36. Rd2 Rfd8 37. cxd5 cxd5 38. Qd4 Re7 39. Rc2 Qb6 40.
Rc5 Kh8 41. Rgc3 h5 42. Ne5 Bb7 43. b4 Qf6 44. Nc6 Bxc6 45. Qxf6 gxf6 46. Rxc6
Kg7 47. Kf1 d4 48. R3c5 e3 49. fxe3 Rxe3 50. Rc2 Kg6 51. R6c5 Re5 52. Rc7 a5
53. bxa5 Rxa5 54. R7c6 d3 55. Rd2 Kf5 56. Kf2 Re5 57. Rc3 Ke4 58. Rb3 Rf5+ 59.
Ke1 h4 60. Rb4+ 0-1

[Event "Tradewise Gibraltar ChallWk2"]
[Site "Gibraltar"]
[Date "2016.01.31"]
[Round "2.7"]
[White "Romero Valencia, Fernando"]
[Black "Gueler, Sebastian"]
[Result "0-1"]
[WhiteElo "2054"]
[BlackElo "2189"]
[PlyCount "84"]
[EventDate "2016.01.30"]
[EventType "swiss"]
[EventRounds "5"]
[EventCountry "GGB"]
[SourceTitle "BritBase"]
[Source "www.saund.co.uk"]
[SourceDate "2018.02.10"]
[SourceVersion "1"]
[SourceVersionDate "2018.02.10"]
[SourceQuality "1"]

1. d4 d5 2. Nf3 Nf6 3. Bf4 c5 4. e3 Nc6 5. c3 Qb6 6. Qb3 c4 7. Qxb6 axb6 8.
Nbd2 b5 9. Be2 h6 10. O-O b4 11. cxb4 Nxb4 12. a3 Nc6 13. Ne5 Bf5 14. g4 Bh7
15. Rac1 e6 16. Ndxc4 dxc4 17. Nxc6 bxc6 18. Rxc4 Be7 19. Rxc6 O-O 20. Bf3 Be4
21. Bxe4 Nxe4 22. f3 Nf6 23. Bg3 Rfc8 24. Rfc1 Rxc6 25. Rxc6 Kf8 26. Kf2 Ke8
27. e4 Kd7 28. Rc7+ Kd8 29. Ke3 Nd7 30. Rc3 Bf6 31. Bc7+ Ke8 32. b4 Bd8 33. Bd6
Nb6 34. Kd3 Kd7 35. Bc5 g6 36. Rb3 Kc6 37. b5+ Kb7 38. Bb4 Na4 39. Bc5 Rc8 40.
Bf8 Bg5 41. Bd6 Rd8 42. Bg3 Nc5+ 0-1